A számviteli szakma jövője a digitalizáció tükrében

Bibliográfiai részletek
Szerző: Török Martina Zsófia
Dokumentumtípus: Könyv része
Megjelent: Budapesti Gazdaságtudományi Egyetem Budapest 2025
Sorozat:II. Dr. Sztanó Imre Emlékkonferencia
Tárgyszavak:
doi:10.29180/978-615-6886-22-4_15

Online Access:http://publikaciotar.uni-bge.hu/2609

MARC

LEADER 00000naa a2200000 i 4500
001 publ2609
005 20260130113831.0
008 260130s2025 hu o 000 zxx d
020 |a 978-615-6886-22-4 
024 |a 10.29180/978-615-6886-22-4_15  |2 doi 
040 |a BGE Publikációtár Repozitórium  |b hun 
100 1 |a Török Martina Zsófia 
245 1 2 |a A számviteli szakma jövője a digitalizáció tükrében  |c Török Martina Zsófia  |h [elektronikus dokumentum] 
260 |a Budapesti Gazdaságtudományi Egyetem  |b Budapest  |c 2025 
300 |a 1-10 
490 0 |a II. Dr. Sztanó Imre Emlékkonferencia 
520 3 |a A tanulmány célja a számviteli szakma digitalizáció által kiváltott átalakulásának bemutatása és értelmezése. A technológiai fejlődés – különösen a mesterséges intelligencia, a robotizáció és a felhőalapú rendszerek – alapjaiban változtatják meg a számviteli folyamatokat. A kutatás szakirodalmi áttekintésre, nemzetközi trendekre és hazai adatokra támaszkodik, különös figyelmet fordítva a kis- és középvállalkozások digitális helyzetére. A tanulmány bemutatja a digitalizáció nyújtotta lehetőségeket, mint a hatékonyság és stratégiai szerep növekedése, ugyanakkor rávilágít a kockázatokra is, a munkahelyek automatizációjára és az adatbiztonsági kihívásokra. A tanulmány javaslatokat fogalmaz meg az oktatás, vállalati gyakorlat és szabályozás területén annak érdekében, hogy a számviteli szakma sikeresen alkalmazkodjon a digitális jövőhöz. A következtetések szerint a számviteli szakma nem szűnik meg, új szerepkörök és kompetenciák mentén alakul át. A technológiai eszközök támogatják az adatalapú döntéshozatalt, míg az emberi tényező továbbra is kulcsszerepet játszik az értelmezésben. A sikeres alkalmazkodás feltétele az oktatás modernizálása, a vállalati digitális beruházások ösztönzése és a szakmai szabályozás naprakésszé tétele. 
650 4 |a közgazdaságtudományok 
856 4 0 |u https://publikaciotar.uni-bge.hu/id/eprint/2609/1/Dr.%20Sztan%C3%B3%20Imre%20Elml%C3%A9kkonferencia_konferenciak%C3%B6tet_15.pdf  |z Dokumentum-elérés